1 and 2 Kings : (Record no. 11135)
[ view plain ]
| 000 -LEADER | |
|---|---|
| fixed length control field | 01546cam a22003134a 4500 |
| 001 - CONTROL NUMBER | |
| control field | 15443135 |
| 003 - CONTROL NUMBER IDENTIFIER | |
| control field | OSt |
| 005 - DATE AND TIME OF LATEST TRANSACTION | |
| control field | 20241016063250.0 |
| 008 - FIXED-LENGTH DATA ELEMENTS--GENERAL INFORMATION | |
| fixed length control field | 080908r20081993ilub b 000 0 eng |
| 010 ## - LIBRARY OF CONGRESS CONTROL NUMBER | |
| LC control number | 2008039546 |
| 020 ## - INTERNATIONAL STANDARD BOOK NUMBER | |
| International Standard Book Number | 9780830842094 (pbk. : alk. paper) |
| 020 ## - INTERNATIONAL STANDARD BOOK NUMBER | |
| International Standard Book Number | 9781844742646 (pbk. : alk. paper) |
| 040 ## - CATALOGING SOURCE | |
| Original cataloging agency | DLC |
| Transcribing agency | DLC |
| Modifying agency | DLC |
| 050 00 - LIBRARY OF CONGRESS CALL NUMBER | |
| Classification number | REF 222.507 W814K |
| Item number | .W57 2008 |
| 082 00 - DEWEY DECIMAL CLASSIFICATION NUMBER | |
| Classification number | REF 222.507 W814K |
| Edition number | 22 |
| 100 1# - MAIN ENTRY--PERSONAL NAME | |
| Personal name | Wiseman, D. J. |
| Fuller form of name | (Donald John) |
| 9 (RLIN) | 22 |
| 245 10 - TITLE STATEMENT | |
| Title | 1 and 2 Kings : |
| Remainder of title | an introduction and commentary / |
| Statement of responsibility, etc. | Donald J. Wiseman. |
| 260 ## - PUBLICATION, DISTRIBUTION, ETC. | |
| Place of publication, distribution, etc. | Downers Grove, Ill. : |
| Name of publisher, distributor, etc. | IVP Academic, |
| Date of publication, distribution, etc. | 2008. |
| 300 ## - PHYSICAL DESCRIPTION | |
| Extent | 339 p. : |
| Other physical details | maps ; |
| Dimensions | 21 cm. |
| 490 0# - SERIES STATEMENT | |
| Series statement | Tyndale Old Testament commentaries ; |
| Volume/sequential designation | v. 9 |
| 500 ## - GENERAL NOTE | |
| General note | Originally published: Leicester, England ; Downers Grove, Ill., U.S.A. : InterVarsity Press, c1993. |
| 504 ## - BIBLIOGRAPHY, ETC. NOTE | |
| Bibliography, etc. note | Includes bibliographical references. |
| 505 0# - FORMATTED CONTENTS NOTE | |
| Formatted contents note | Introduction -- The value of the books of Kings -- Themes and theology -- Chronology -- Archaeological evidence -- Sources -- Literary form -- Composition and authorship -- Text -- Analysis -- Commentary -- Additional notes -- High places -- Wisdom -- The Man of God -- Jehoshaphat's reforms -- Hazael. |
| 630 00 - SUBJECT ADDED ENTRY--UNIFORM TITLE | |
| Uniform title | Bible. |
| Name of part/section of a work | Kings |
| Form subdivision | Commentaries. |
| 9 (RLIN) | 23 |
| 856 41 - ELECTRONIC LOCATION AND ACCESS | |
| Materials specified | Table of contents only |
| Uniform Resource Identifier | <a href="http://www.loc.gov/catdir/toc/ecip0828/2008039546.html">http://www.loc.gov/catdir/toc/ecip0828/2008039546.html</a> |
| 906 ## - LOCAL DATA ELEMENT F, LDF (RLIN) | |
| a | 7 |
| b | cbc |
| c | orignew |
| d | 1 |
| e | ecip |
| f | 20 |
| g | y-gencatlg |
| 942 ## - ADDED ENTRY ELEMENTS (KOHA) | |
| Source of classification or shelving scheme | Dewey Decimal Classification |
| Koha item type | Books |
| Withdrawn status | Lost status | Source of classification or shelving scheme | Damaged status | Not for loan | Collection code | Home library | Current library | Date acquired | Total Checkouts | Full call number | Barcode | Date last seen | Price effective from | Koha item type |
|---|---|---|---|---|---|---|---|---|---|---|---|---|---|---|
| Dewey Decimal Classification | Not For Loan | Reference | Harvest Mission College | Harvest Mission College | 16.10.2024 | REF 222.507 W814K | 013064 | 16.10.2024 | 16.10.2024 | Reference |
